1947 1643 1447 1927 1804 1011 1657 1596 1923 1091 1403 1782 1539 1422 1362 1726 1696 1270 1692 1404 1400 1039 1195 1493 1505 1985 1275 1262 1112 1159 1114 1784 1254 1952 1249 1443 1772 1708 1117 1084 1784 1530 1835 1873 1477 1420 1919 1401 1257 1119 1709 1156 1044 1447 1064 1783 1600 1908 1104 1380 1813 1172 1004 1904 1926 1768 1585 1115 1789 1791 1093 1702 1886 1126 1389 1571 1306 1933 1316 1572 1860 1877 1263 1074 1553 1905 1438 1339 1215 1313 1972 1807 1626 1588 1576 1183 1499 1881 1051 BCNSPRNW ULIB Ver.6.0+V

เปลี่ยนเป็นภาษาไทย

Change to English
 แสดงรายละเอียดบรรณานุกรม
  กลับหน้าหลัก

Brief Record : Get Marc (ISO 2709) : E-mail record : QR code < ปิดหน้าต่าง
LEADER : 00000nam 2200000uu 4500
001    13399111013
003     ULIB
008    110614s||||||||th 000 0 tha d
020    9747232596
050  4 BD431^bท335บ 2544
100 0  สมเด็จพระเท็นซิน กยัตโส,^cทะไลลามะองค์ที่ 14, ^dค.ศ. 1935-
245 10 เบิกบานในชีวิตและตายอย่างสันติ =^bThe joy of living and dying in peace /^cโดย ทะไลลามะ ; ธารา รินศานต์ แปล
250    พิมพ์ครั้งที่ 2
260    กรุงเทพฯ :^bมูลนิธิโกมลคีมทอง,^c2544
300    [24], 199 หน้า ;^c21 ซม.
650  7 ชีวิต
650  7 การดำเนินชีวิต
650  7 การตาย
700  0 ธารา รินศานต์,^eผู้แปล
945    ^p165^l0^i026693
995    ทศพร
999 ^a ใช้งานได้ทุกระบบ
รายการนี้ยังไม่มีแท็ก
คุณยังไม่ได้ล็อกอิน คุณสามารถมีกิจกรรมร่วมกับเว็บไซต์ได้ แต่ต้องล็อกอินก่อน ::
  ล็อกอิน

รายการสื่อสารสนเทศ

ลำดับที่ ประเภท เลขเรียก/บาร์โค้ด สถานที่ สถานะ
- ไม่พบข้อมูล -

รายการใกล้เคียง
    หัวเรื่อง [ชีวิต]
    หัวเรื่อง [การดำเนินชีวิต]
    หัวเรื่อง [การตาย]

BibComment


ยังไม่เคยถูกคอมเมนท์

คอมเมนท์ทรัพยากรรายการนี้
  คอมเมนท์: เบิกบานในชีวิตและ..


 Copyright 2026. Bcnsprnw @Library